000
00311 a2200133 4500
001
153448
040
_c
Escola São Tomás de Aquino
100
_a
CARRASCO, Walcyr
240
1
0
_a
O mistério da gruta
_l
por
245
1
0
_a
O mistério da gruta
362
0
_a
2002
697
_a
*LITERATURA JUVENIL
942
_c
BK
999
_c
153448
_d
153448